00286nam a22001097a 4500020001800000040000900018082001200027100002000039245006100059260004600120650001000166 a9781860642579 cNUST a297 AKB aAhmed, Akbar S. aIslam Today : bA Short Introduction to the Muslim World aNew York:bI.B. Tauris Publishers,c2008. aIslam